Unsuccessful Running Mates Quiz - Statistics

General Stats
  • This quiz has been taken 37 times
    5 since last reset
  • The average score is 19 of 61
Answer Stats
Election Running Mate % Correct
2004 John Edwards
100%
2020 Mike Pence
100%
2024 Tim Walz
100%
1976 Bob Dole
67%
1992 Dan Quayle
67%
1948 Earl Warren
67%
1968 Edmund Muskie
67%
1920 Franklin D. Roosevelt
67%
1984 Geraldine Ferraro
67%
1960 Henry Cabot Lodge Jr.
67%
1996 Jack Kemp
67%
2000 Joe Lieberman
67%
1952 John Sparkman
67%
1988 Lloyd Bentsen
67%
2012 Paul Ryan
67%
1804 Rufus King
67%
1808 Rufus King
67%
2008 Sarah Palin
67%
1972 Sargent Shriver
67%
2016 Tim Kaine
67%
1980 Walter Mondale
67%
1796 Aaron Burr
33%
1900 Adlai Stevenson I
33%
1916 Charles W. Fairbanks
33%
1956 Estes Kefauver
33%
1936 Frank Knox
33%
1860 Herschel V. Johnson
33%
1884 John A. Logan
33%
1836 John Tyler
33%
1840 Richard M. Johnson
33%
1844 Theodore Frelinghuysen
33%
1876 Thomas A. Hendricks
33%
1964 William E. Miller
33%
1888 Allen G. Thurman
0%
1896 Arthur Sewall
0%
1872 Benjamin G. Brown
0%
1800 Charles C. Pinckney
0%
1932 Charles Curtis
0%
1940 Charles L. McNary
0%
1924 Charles W. Bryan
0%
1836 Francis Granger
0%
1868 Francis P. Blair Jr.
0%
1792 George Clinton
0%
1864 George H. Pendleton
0%
1904 Henry G. Davis
0%
1912 James S. Sherman
0%
1812 Jared Ingersoll
0%
1816 John E. Howard
0%
1832 John Sergeant
0%
1944 John W. Bricker
0%
1908 John W. Kern
0%
1928 Joseph T. Robinson
0%
1824 Nathaniel Macon
0%
1824 Nathan Sanford
0%
1828 Richard Rush
0%
1796 Thomas Pinckney
0%
1892 Whitelaw Reid
0%
1852 William A. Graham
0%
1880 William H. English
0%
1856 William L. Dayton
0%
1848 William O. Butler
0%
No matching quizzes found
Score Distribution
Percent of People with Each Score
Percentile by Number Answered
Your Score History
You have not taken this quiz since the last reset